The life and times of Muhammad / (Record no. 23793)

MARC details
000 -LEADER
fixed length control field 00794cam a2200253 4500
001 - CONTROL NUMBER
control field 1263177
003 - CONTROL NUMBER IDENTIFIER
control field BDDh-ASL
005 - DATE AND TIME OF LATEST TRANSACTION
control field 20231015030304.0
008 - FIXED-LENGTH DATA ELEMENTS--GENERAL INFORMATION
fixed length control field 700526s1970 nyubj b 001 0beng
010 ## - LIBRARY OF CONGRESS CONTROL NUMBER
LC control number 74087954
020 ## - INTERNATIONAL STANDARD BOOK NUMBER
International Standard Book Number 0812812468
040 ## - CATALOGING SOURCE
Original cataloging agency DLC
Transcribing agency DLC
Modifying agency DLC
-- OCoLC
-- BDDh-ASL
050 00 - LIBRARY OF CONGRESS CALL NUMBER
Classification number BP75
Item number .G58
082 00 - DEWEY DECIMAL CLASSIFICATION NUMBER
Classification number 297.63
Item number GLL
100 1# - MAIN ENTRY--PERSONAL NAME
Personal name Glubb, John Bagot,
Titles and words associated with a name Sir,
Dates associated with a name 1897-1986.
245 14 - TITLE STATEMENT
Title The life and times of Muhammad /
Statement of responsibility, etc. by John Bagot Glubb (Glubb Pasha).
260 ## - PUBLICATION, DISTRIBUTION, ETC.
Place of publication, distribution, etc. New York :
Name of publisher, distributor, etc. Stein and Day,
Date of publication, distribution, etc. [1970]
-- 1955.
300 ## - PHYSICAL DESCRIPTION
Extent 416 p., 813 p. :
Other physical details geneal. tables, maps.
Dimensions 25 cm.
350 ## - PRICE (NR) (BK AM CF MU VM SE) [OBSOLETE]
Price 10.00
504 ## - BIBLIOGRAPHY, ETC. NOTE
Bibliography, etc. note Bibliography: p. [403]-405.
600 00 - SUBJECT ADDED ENTRY--PERSONAL NAME
Personal name MuḼammad,
Titles and other words associated with a name Prophet,
Dates associated with a name -632.
906 ## - LOCAL DATA ELEMENT F, LDF (RLIN)
a 7
b cbc
c orignew
d u
e ncip
f 19
g y-gencatlg
942 ## - ADDED ENTRY ELEMENTS (KOHA)
Source of classification or shelving scheme Dewey Decimal Classification
Koha item type Books
Holdings
Withdrawn status Lost status Source of classification or shelving scheme Damaged status Not for loan Collection code Home library Current library Shelving location Date acquired Source of acquisition Total Checkouts Full call number Barcode Date last seen Copy number Price effective from Koha item type Public note
    Dewey Decimal Classification     Non-fiction Asiatic Society Library Asiatic Society Library General Stacks 04/05/2021 ASB Library Collections   297.63 GLL 108323 04/05/2021 C-1 04/05/2021 Books Rare
    Dewey Decimal Classification     Non-fiction Asiatic Society Library Asiatic Society Library General Stacks 04/05/2021 ASB Library Collections   297.63 GLL 108324 04/05/2021 C-2 04/05/2021 Books Rare
    Dewey Decimal Classification Damaged   Non-fiction Asiatic Society Library Asiatic Society Library General Stacks 04/05/2021 ASB Library Collections   297.63 GLL 108325 04/05/2021 C-3 04/05/2021 Books Rare

Powered by Koha